62_読みが3文字の市区町村(ひらがな対応・五十音順) - Statistics

General Stats
  • This quiz has been taken 104 times
  • The average score is 427 of 618
Answer Stats
文字数 種類 都道府県名 市区町村名 % Correct
3 秋田県 秋田市
98%
3 特別区 東京都 大田区
93%
3 群馬県 太田市
93%
3 長野県 長野市
93%
3 大阪府 和泉市
91%
3 鹿児島県 出水市
91%
3 茨城県 鹿嶋市
91%
3 佐賀県 鹿島市
91%
3 熊本県 嘉島町
91%
3 北海道 釧路市
91%
3 北海道 釧路町
91%
3 高知県 高知市
91%
3 山形県 酒田市
91%
3 富山県 富山市
91%
3 静岡県 熱海市
89%
3 兵庫県 淡路市
89%
3 長野県 飯田市
89%
3 島根県 大田市
89%
3 福井県 小浜市
89%
3 滋賀県 草津市
89%
3 群馬県 草津町
89%
3 特別区 東京都 千代田区
89%
3 群馬県 千代田町
89%
3 静岡県 三島市
89%
3 福島県 三島町
89%
3 鹿児島県 三島村
89%
3 兵庫県 明石市
86%
3 千葉県 旭市
86%
3 三重県 | 富山県 | 山形県 朝日町
86%
3 長野県 朝日村
86%
3 特別区 東京都 足立区
86%
3 鹿児島県 奄美市
86%
3 島根県 出雲市
86%
3 福島県 いわき市
86%
3 滋賀県 大津市
86%
3 福井県 大野市
86%
3 岐阜県 大野町
86%
3 栃木県 小山市
86%
3 静岡県 小山町
86%
3 千葉県 柏市
86%
3 北海道 北見市
86%
3 富山県 黒部市
86%
3 山梨県 甲府市
86%
3 鳥取県 江府町
86%
3 兵庫県 神戸市
86%
3 福井県 坂井市
86%
3 大阪府 堺市
86%
3 茨城県 境町
86%
3 栃木県 さくら市
86%
3 千葉県 佐倉市
86%
3 茨城県 つくば市
86%
3 特別区 東京都 豊島区
86%
3 東京都 利島村
86%
3 鹿児島県 十島村
86%
3 特別区 東京都 中野区
86%
3 長野県 中野市
86%
3 福井県 福井市
86%
3 千葉県 松戸市
86%
3 特別区 東京都 港区
86%
3 広島県 三原市
86%
3 高知県 三原村
86%
3 岩手県 宮古市
86%
3 福岡県 みやこ町
86%
3 徳島県 阿南市
84%
3 長野県 阿南町
84%
3 大阪府 池田市
84%
3 北海道 | 岐阜県 | 福井県 | 長野県 池田町
84%
3 兵庫県 伊丹市
84%
3 静岡県 伊東市
84%
3 岩手県 岩手町
84%
3 長崎県 佐世保市
84%
3 北海道 士別市
84%
3 北海道 標津町
84%
3 青森県 つがる市
84%
3 愛知県 津島市
84%
3 長崎県 対馬市
84%
3 福井県 敦賀市
84%
3 富山県 砺波市
84%
3 愛知県 豊田市
84%
3 石川県 七尾市
84%
3 茨城県 日立市
84%
3 埼玉県 富士見市
84%
3 長野県 富士見町
84%
3 島根県 松江市
84%
3 愛知県 みよし市
84%
3 広島県 三次市
84%
3 徳島県 三好市
84%
3 埼玉県 三芳町
84%
3 石川県 輪島市
84%
3 鹿児島県 姶良市
82%
3 埼玉県 上尾市
82%
3 兵庫県 赤穂市
82%
3 兵庫県 芦屋市
82%
3 福岡県 芦屋町
82%
3 神奈川県 綾瀬市
82%
3 福井県 あわら市
82%
3 奈良県 生駒市
82%
3 静岡県 磐田市
82%
3 長野県 上田市
82%
3 沖縄県 うるま市
82%
3 北海道 えりも町
82%
3 青森県 大間町
82%
3 長野県 岡谷市
82%
3 北海道 小樽市
82%
3 茨城県 神栖市
82%
3 愛知県 刈谷市
82%
3 千葉県 君津市
82%
3 三重県 熊野市
82%
3 広島県 熊野町
82%
3 石川県 小松市
82%
3 特別区 東京都 渋谷区
82%
3 三重県 鈴鹿市
82%
3 埼玉県 秩父市
82%
3 愛知県 名古屋市
82%
3 岩手県 二戸市
82%
3 静岡県 沼津市
82%
3 神奈川県 葉山町
82%
3 埼玉県 日高市
82%
3 北海道 | 和歌山県 日高町
82%
3 高知県 日高村
82%
3 埼玉県 朝霞市
80%
3 兵庫県 朝来市
80%
3 奈良県 明日香村
80%
3 神奈川県 厚木市
80%
3 千葉県 我孫子市
80%
3 千葉県 いすみ市
80%
3 三重県 いなべ市
80%
3 佐賀県 伊万里市
80%
3 富山県 射水市
80%
3 神奈川県 海老名市
80%
3 福井県 おおい町
80%
3 神奈川県 大井町
80%
3 富山県 小矢部市
80%
3 兵庫県 加西市
80%
3 兵庫県 加東市
80%
3 大阪府 門真市
80%
3 石川県 かほく市
80%
3 山形県 河北町
80%
3 佐賀県 唐津市
80%
3 福岡県 久留米市
80%
3 滋賀県 甲賀市
80%
3 福井県 鯖江市
80%
3 兵庫県 宍粟市
80%
3 大阪府 摂津市
80%
3 埼玉県 草加市
80%
3 栃木県 栃木市
80%
3 富山県 南砺市
80%
3 秋田県 にかほ市
80%
3 群馬県 沼田市
80%
3 北海道 沼田町
80%
3 北海道 根室市
80%
3 特別区 東京都 練馬区
80%
3 和歌山県 | 愛知県 | 福井県 美浜町
80%
3 三重県 御浜町
80%
3 特別区 東京都 目黒区
80%
3 神奈川県 大和市
80%
3 鹿児島県 大和村
80%
3 熊本県 山都町
80%
3 長野県 青木村
77%
3 和歌山県 有田市
77%
3 佐賀県 有田町
77%
3 和歌山県 岩出市
77%
3 茨城県 牛久市
77%
3 北海道 江差町
77%
3 北海道 枝幸町
77%
3 愛媛県 大洲市
77%
3 愛知県 大府市
77%
3 三重県 尾鷲市
77%
3 茨城県 笠間市
77%
3 青森県 五戸町
77%
3 千葉県 栄町
77%
3 長野県 栄村
77%
3 新潟県 新発田市
77%
3 宮城県 柴田町
77%
3 鹿児島県 志布志市
77%
3 静岡県 島田市
77%
3 北海道 | 静岡県 清水町
77%
3 福島県 相馬市
77%
3 和歌山県 田辺市
77%
3 山口県 長門市
77%
3 北海道 ニセコ町
77%
3 島根県 浜田市
77%
3 山口県 光市
77%
3 滋賀県 彦根市
77%
3 兵庫県 姫路市
77%
3 北海道 北斗市
77%
3 山梨県 北杜市
77%
3 島根県 益田市
77%
3 群馬県 みどり市
77%
3 静岡県 焼津市
77%
3 秋田県 湯沢市
77%
3 新潟県 湯沢町
77%
3 鹿児島県 阿久根市
75%
3 京都府 綾部市
75%
3 東京都 稲城市
75%
3 鳥取県 岩美町
75%
3 富山県 魚津市
75%
3 北海道 恵庭市
75%
3 宮崎県 えびの市
75%
3 北海道 江別市
75%
3 新潟県 小千谷市
75%
3 奈良県 香芝市
75%
3 三重県 桑名市
75%
3 静岡県 湖西市
75%
3 愛知県 小牧市
75%
3 大分県 佐伯市
75%
3 香川県 さぬき市
75%
3 兵庫県 三田市
75%
3 高知県 須崎市
75%
3 岐阜県 多治見市
75%
3 岡山県 津山市
75%
3 千葉県 成田市
75%
3 秋田県 能代市
75%
3 北海道 美唄市
75%
3 東京都 福生市
75%
3 北海道 富良野市
75%
3 埼玉県 三郷市
75%
3 宮崎県 | 島根県 | 秋田県 美郷町
75%
3 埼玉県 | 宮城県 | 熊本県 美里町
75%
3 京都府 宮津市
75%
3 新潟県 阿賀野市
73%
3 愛知県 阿久比町
73%
3 茨城県 潮来市
73%
3 福岡県 うきは市
73%
3 東京都 青梅市
73%
3 埼玉県 小川町
73%
3 長野県 小川村
73%
3 岐阜県 海津市
73%
3 栃木県 鹿沼市
73%
3 大分県 杵築市
73%
3 三重県 紀北町
73%
3 愛媛県 鬼北町
73%
3 宮崎県 串間市
73%
3 東京都 狛江市
73%
3 山形県 寒河江市
73%
3 鹿児島県 さつま町
73%
3 静岡県 下田市
73%
3 長野県 須坂市
73%
3 兵庫県 洲本市
73%
3 愛媛県 西予市
73%
3 兵庫県 丹波市
73%
3 長野県 南木曽町
73%
3 宮城県 名取市
73%
3 山梨県 | 青森県 | 鳥取県 南部町
73%
3 長野県 白馬村
73%
3 神奈川県 秦野市
73%
3 神奈川県 松田町
73%
3 神奈川県 三浦市
73%
3 東京都 三鷹市
73%
3 奈良県 三宅町
73%
3 東京都 三宅村
73%
3 福岡県 みやま市
73%
3 鳥取県 米子市
73%
3 鹿児島県 天城町
70%
3 愛媛県 伊方町
70%
3 大分県 臼杵市
70%
3 山形県 | 熊本県 小国町
70%
3 福岡県 春日市
70%
3 大阪府 交野市
70%
3 愛知県 蟹江町
70%
3 鹿児島県 鹿屋市
70%
3 新潟県 刈羽村
70%
3 愛知県 清須市
70%
3 東京都 清瀬市
70%
3 島根県 江津市
70%
3 長崎県 五島市
70%
3 滋賀県 湖南市
70%
3 長野県 小諸市
70%
3 埼玉県 狭山市
70%
3 大阪府 吹田市
70%
3 特別区 東京都 墨田区
70%
3 北海道 大樹町
70%
3 三重県 大紀町
70%
3 福岡県 田川市
70%
3 大分県 竹田市
70%
3 兵庫県 たつの市
70%
3 長野県 辰野町
70%
3 愛知県 田原市
70%
3 長野県 千曲市
70%
3 新潟県 燕市
70%
3 北海道 泊村
70%
3 愛知県 豊根村
70%
3 青森県 十和田市
70%
3 神奈川県 中井町
70%
3 福岡県 中間市
70%
3 北海道 七飯町
70%
3 東京都 羽村市
70%
3 鹿児島県 日置市
70%
3 沖縄県 東村
70%
3 大分県 別府市
70%
3 山形県 三川町
70%
3 青森県 三沢市
70%
3 岐阜県 瑞穂市
70%
3 東京都 瑞穂町
70%
3 大阪府 箕面市
70%
3 高知県 室戸市
70%
3 埼玉県 八潮市
70%
3 静岡県 吉田町
70%
3 奈良県 吉野町
70%
3 北海道 留萌市
70%
3 埼玉県 和光市
70%
3 埼玉県 蕨市
70%
3 沖縄県 粟国村
68%
3 熊本県 荒尾市
68%
3 徳島県 板野町
68%
3 埼玉県 入間市
68%
3 熊本県 大津町
68%
3 茨城県 河内町
68%
3 岩手県 九戸村
68%
3 和歌山県 御坊市
68%
3 三重県 菰野町
68%
3 宮崎県 西都市
68%
3 埼玉県 坂戸市
68%
3 埼玉県 幸手市
68%
3 北海道 様似町
68%
3 北海道 佐呂間町
68%
3 高知県 宿毛市
68%
3 北海道 寿都町
68%
3 北海道 せたな町
68%
3 千葉県 匝瑳市
68%
3 佐賀県 武雄市
68%
3 熊本県 玉名市
68%
3 北海道 千歳市
68%
3 宮城県 富谷市
68%
3 三重県 名張市
68%
3 徳島県 鳴門市
68%
3 岡山県 新見市
68%
3 愛知県 西尾市
68%
3 石川県 羽咋市
68%
3 千葉県 富津市
68%
3 北海道 増毛町
68%
3 徳島県 美波町
68%
3 愛知県 弥富市
68%
3 京都府 八幡市
68%
3 秋田県 横手市
68%
3 兵庫県 稲美町
66%
3 和歌山県 印南町
66%
3 岡山県 井原市
66%
3 群馬県 上野村
66%
3 香川県 宇多津町
66%
3 埼玉県 小鹿野町
66%
3 沖縄県 恩納村
66%
3 広島県 海田町
66%
3 京都府 笠置町
66%
3 福岡県 粕屋町
66%
3 秋田県 鹿角市
66%
3 千葉県 香取市
66%
3 奈良県 河合町
66%
3 静岡県 河津町
66%
3 沖縄県 宜野座村
66%
3 愛知県 幸田町
66%
3 長野県 佐久穂町
66%
3 北海道 斜里町
66%
3 静岡県 裾野市
66%
3 兵庫県 | 大阪府 太子町
66%
3 香川県 多度津町
66%
3 石川県 津幡町
66%
3 茨城県 取手市
66%
3 埼玉県 新座市
66%
3 神奈川県 箱根町
66%
3 岐阜県 羽島市
66%
3 愛知県 半田市
66%
3 福岡県 豊前市
66%
3 岡山県 真庭市
66%
3 山梨県 身延町
66%
3 北海道 むかわ町
66%
3 北海道 羅臼町
66%
3 北海道 留寿都村
66%
3 北海道 厚真町
64%
3 沖縄県 伊是名村
64%
3 長野県 売木村
64%
3 奈良県 王寺町
64%
3 群馬県 邑楽町
64%
3 山形県 大江町
64%
3 山梨県 忍野村
64%
3 長野県 小谷村
64%
3 長崎県 小値賀町
64%
3 宮城県 角田市
64%
3 沖縄県 嘉手納町
64%
3 大阪府 河南町
64%
3 岐阜県 川辺町
64%
3 福岡県 香春町
64%
3 熊本県 菊池市
64%
3 三重県 紀宝町
64%
3 佐賀県 基山町
64%
3 熊本県 甲佐町
64%
3 岐阜県 神戸町
64%
3 和歌山県 高野町
64%
3 千葉県 山武市
64%
3 愛知県 設楽町
64%
3 大阪府 田尻町
64%
3 福島県 只見町
64%
3 岡山県 玉野市
64%
3 大分県 津久見市
64%
3 奈良県 天理市
64%
3 岩手県 遠野市
64%
3 大阪府 豊能町
64%
3 山形県 長井市
64%
3 大分県 中津市
64%
3 北海道 名寄市
64%
3 福島県 楢葉町
64%
3 埼玉県 蓮田市
64%
3 岡山県 備前市
64%
3 長崎県 平戸市
64%
3 福島県 双葉町
64%
3 山口県 防府市
64%
3 茨城県 鉾田市
64%
3 熊本県 益城町
64%
3 東京都 町田市
64%
3 大阪府 岬町
64%
3 岡山県 美咲町
64%
3 和歌山県 みなべ町
64%
3 佐賀県 みやき町
64%
3 岐阜県 本巣市
64%
3 島根県 安来市
64%
3 北海道 利尻町
64%
3 北海道 安平町
61%
3 山形県 飯豊町
61%
3 高知県 馬路村
61%
3 福岡県 大木町
61%
3 長野県 小布施町
61%
3 福岡県 遠賀町
61%
3 群馬県 川場村
61%
3 熊本県 合志市
61%
3 兵庫県 佐用町
61%
3 千葉県 酒々井町
61%
3 北海道 紗那村
61%
3 和歌山県 太地町
61%
3 青森県 田子町
61%
3 沖縄県 渡名喜村
61%
3 鳥取県 日吉津村
61%
3 東京都 日の出町
61%
3 北海道 美幌町
61%
3 埼玉県 深谷市
61%
3 栃木県 益子町
61%
3 京都府 向日市
61%
3 千葉県 八千代市
61%
3 茨城県 八千代町
61%
3 山口県 柳井市
61%
3 熊本県 山鹿市
61%
3 京都府 与謝野町
61%
3 秋田県 井川町
59%
3 熊本県 五木村
59%
3 福岡県 糸田町
59%
3 北海道 乙部町
59%
3 福岡県 苅田町
59%
3 岐阜県 岐南町
59%
3 長野県 小海町
59%
3 滋賀県 甲良町
59%
3 福島県 桑折町
59%
3 新潟県 五泉市
59%
3 長野県 坂城町
59%
3 沖縄県 座間味村
59%
3 長野県 信濃町
59%
3 千葉県 白井市
59%
3 和歌山県 すさみ町
59%
3 茨城県 大子町
59%
3 三重県 玉城町
59%
3 福岡県 筑後市
59%
3 新潟県 津南町
59%
3 島根県 津和野町
59%
3 北海道 天塩町
59%
3 長野県 東御市
59%
3 高知県 奈半利町
59%
3 熊本県 錦町
59%
3 福岡県 福津市
59%
3 北海道 三笠市
59%
3 新潟県 見附市
59%
3 三重県 | 群馬県 明和町
59%
3 茨城県 守谷市
59%
3 岩手県 山田町
59%
3 福井県 若狭町
59%
3 鳥取県 若桜町
59%
3 奈良県 安堵町
57%
3 沖縄県 伊平屋村
57%
3 鹿児島県 宇検村
57%
3 愛媛県 内子町
57%
3 群馬県 甘楽町
57%
3 鹿児島県 喜界町
57%
3 和歌山県 紀美野町
57%
3 宮城県 蔵王町
57%
3 熊本県 相良村
57%
3 北海道 鹿部町
57%
3 千葉県 白子町
57%
3 岩手県 住田町
57%
3 京都府 精華町
57%
3 福島県 田村市
57%
3 北海道 鶴居村
57%
3 青森県 鶴田町
57%
3 岐阜県 富加町
57%
3 福島県 浪江町
57%
3 北海道 美瑛町
57%
3 北海道 広尾町
57%
3 鳥取県 伯耆町
57%
3 長野県 箕輪町
57%
3 長野県 御代田町
57%
3 北海道 芽室町
57%
3 栃木県 真岡市
57%
3 山形県 最上町
57%
3 栃木県 茂木町
57%
3 栃木県 矢板市
57%
3 北海道 八雲町
57%
3 茨城県 結城市
57%
3 鹿児島県 与論町
57%
3 京都府 和束町
57%
3 徳島県 石井町
55%
3 北海道 雄武町
55%
3 埼玉県 越生町
55%
3 北海道 小平町
55%
3 福岡県 上毛町
55%
3 秋田県 小坂町
55%
3 山梨県 小菅村
55%
3 宮城県 色麻町
55%
3 沖縄県 多良間村
55%
3 徳島県 つるぎ町
55%
3 長崎県 長与町
55%
3 青森県 野辺地町
55%
3 福島県 塙町
55%
3 北海道 美深町
55%
3 愛知県 扶桑町
55%
3 岩手県 普代村
55%
3 愛媛県 松野町
55%
3 岐阜県 御嵩町
55%
3 長野県 宮田村
55%
3 千葉県 茂原市
55%
3 北海道 余市町
55%
3 北海道 礼文町
55%
3 北海道 置戸町
52%
3 群馬県 神流町
52%
3 福岡県 鞍手町
52%
3 高知県 佐川町
52%
3 宮崎県 椎葉村
52%
3 栃木県 塩谷町
52%
3 北海道 士幌町
52%
3 山口県 田布施町
52%
3 岐阜県 垂井町
52%
3 北海道 津別町
52%
3 山梨県 道志村
52%
3 北海道 奈井江町
52%
3 熊本県 長洲町
52%
3 千葉県 長柄町
52%
3 兵庫県 播磨町
52%
3 岩手県 洋野町
52%
3 福島県 広野町
52%
3 福岡県 福智町
52%
3 鳥取県 三朝町
52%
3 奈良県 御杖村
52%
3 香川県 三豊市
52%
3 埼玉県 皆野町
52%
3 沖縄県 本部町
52%
3 岐阜県 八百津町
52%
3 島根県 吉賀町
52%
3 北海道 留別村
52%
3 宮城県 亘理町
52%
3 福島県 国見町
50%
3 長野県 喬木村
50%
3 新潟県 田上町
50%
3 熊本県 津奈木町
50%
3 北海道 当麻町
50%
3 長野県 長和町
50%
3 北海道 羽幌町
50%
3 北海道 比布町
50%
3 愛媛県 松前町
50%
3 秋田県 三種町
50%
3 沖縄県 八重瀬町
50%
3 岩手県 矢巾町
50%
3 埼玉県 横瀬町
50%
3 埼玉県 寄居町
50%
3 鹿児島県 伊仙町
48%
3 福島県 新地町
48%
3 宮城県 大和町
48%
3 北海道 鷹栖町
48%
3 熊本県 多良木町
48%
3 長崎県 時津町
48%
3 長崎県 波佐見町
48%
3 熊本県 氷川町
48%
3 福島県 平田村
48%
3 福島県 矢吹町
48%
3 長野県 平谷村
45%
3 奈良県 平群町
45%
3 熊本県 御船町
45%
3 宮崎県 三股町
45%
3 宮城県 村田町
45%
3 新潟県 弥彦村
45%
3 宮城県 涌谷町
45%
3 宮崎県 五ヶ瀬町
43%
3 福岡県 小竹町
43%
3 福岡県 添田町
43%
3 山口県 平生町
43%
3 福島県 三春町
43%
3 高知県 安田町
43%
3 和歌山県 湯浅町
43%
3 埼玉県 吉見町
43%
3 山形県 戸沢村
41%
3 熊本県 和水町
41%
3 熊本県 山江村
41%
3 埼玉県 杉戸町
39%
3 岡山県 矢掛町
39%
3 福島県 湯川村
39%
No matching quizzes found
Score Distribution
Percent of People with Each Score
Percentile by Number Answered
Your Score History
You have not taken this quiz